| 000 | 00764nam a22002057a 4500 | ||
|---|---|---|---|
| 999 |
_c18777 _d18777 |
||
| 003 | AR-CdUCM | ||
| 008 | 190515b ||||| |||| 00| 0 spa d | ||
| 040 |
_aMUNICIPALIDAD PROVINCIAL DEL CUSCO _cBIBLIOTECA MUNICIPAL DEL CUSCO |
||
| 082 |
_a985.04 / _bR24 |
||
| 100 |
_aRázuri, José Vicente _939575 |
||
| 245 |
_aJosé Andrés Rázuri : _bheroico gestor de nuestra emancipación / |
||
| 260 |
_aLima : _bTallrs. de la Impr. Colegio Militar Leoncio Prado, _c1954. |
||
| 300 |
_a126 páginas ; _bFotografías, _c22 cm. |
||
| 505 | _aContenido: Biografías históricas. | ||
| 650 |
_aBiografías históricas _96252 |
||
| 650 |
_aPrócer de la independencia _939576 |
||
| 650 |
_aIndependencia del Perú _912556 |
||
| 942 |
_2ddc _cLIBROS |
||
| 945 |
_adavv _d2019-05-15 |
||